| 000 | 01206cab a2200241 4500 | ||
|---|---|---|---|
| 001 | ABS68737 | ||
| 008 | 050228n2005 000 0 eng u | ||
| 035 | _a(Sirsi) u128902 | ||
| 100 | _aHughes, J. | ||
| 245 | _aWhat's your poison? | ||
| 260 | _c2005 | ||
| 490 |
_aBuilding _v270(8366) 28 February 2005, 56-57(2) |
||
| 520 | _aMentions the devastation caused by asbestos in the UK and then concentrates on other potential dangers. These include the problems of nanotechnology which can create nanoparticles and behave in unusual and hazardous ways. Toxic mould is also a problem which is spread through air conditioning systems and has proved very costly in the USA. The Health and Safety Executive suggests that another dangerous substance is silica and around 100 000 workers are exposed to it in the UK but its ill effects are negligible if correct rules are followed by employers. | ||
| 590 | _aABS | ||
| 650 | _aMANAGEMENT-HEALTH AND SAFETY-HAZARDOUS SUBSTANCES-ASBESTOS | ||
| 650 | _aCONSTRUCTION INSURANCE | ||
| 650 | _aTOXIC MOULD | ||
| 650 | _aSTACHYBOTRYS CHARTARUM | ||
| 650 | _aSILICA DUST | ||
| 650 | _aHAZARDOUS SUBSTANCES | ||
| 690 |
_aHealth and safety _96244 |
||
| 942 | _n0 | ||
| 999 |
_c74852 _d74852 |
||